Loading...
| History - Other | 0 | 5 | 0 | 0 | 50 | 28 | 64.80 | 1 | 4 | 0.00 | 0.00 |
| Mythology | 0 | 2 | 0 | 1 | 20 | 37 | 75.00 | 1 | 1 | 0.00 | 0.00 |
| Literature - European | 0 | 2 | 0 | 1 | 20 | 122 | 123.00 | 0 | 0 | 0.00 | 0.00 |
| History - European | 0 | 2 | 0 | 0 | 20 | 74 | 79.50 | 0 | 0 | 0.00 | 0.00 |
| Religion | 0 | 1 | 0 | 0 | 10 | 124 | 124.00 | 0 | 0 | 0.00 | 0.00 |
| History - American | 0 | 1 | 0 | 1 | 10 | 89 | 89.00 | 0 | 0 | 0.00 | 0.00 |
| Literature - American | 0 | 1 | 0 | 0 | 10 | 116 | 116.00 | 0 | 0 | 0.00 | 0.00 |
| Fine Arts - Classical Music | 0 | 1 | 0 | 0 | 10 | 71 | 71.00 | 0 | 1 | 0.00 | 0.00 |
| Literature - World | 0 | 0 | 0 | 0 | 0 | 0.00 | 0 | 0 | 0.00 | 0.00 | |
| Fine Arts - Other | 0 | 0 | 1 | 0 | -5 | 0.00 | 0 | 0 | 0.00 | 0.00 |